| 000 | 00495nam a22001217a 4500 | ||
|---|---|---|---|
| 008 | 230703b xxu||||| |||| 00| 0 eng d | ||
| 082 |
_a352.48 _bOTP |
||
| 100 | _cOffice of the President | ||
| 245 |
_aBudget Rationalization Seminar _bNo. 1/86 _cFor Permanent Secretaries, Provincial Commissioners heads of Department and Ambassador Held at the Kenya Institute of Administration _h26th-27th August 1986 |
||
| 260 |
_aKenya _bKenya Institute of Administration _c1986 |
||
| 300 | _a39p | ||
| 942 |
_2ddc _cBK |
||
| 999 |
_c3155 _d3155 |
||